|
|
|
|
| LEADER |
00826nam a2200265 4500 |
| 001 |
DLU100104208 |
| 005 |
##20100304 |
| 040 |
# |
# |
|a DLU
|b vie
|
| 041 |
# |
# |
|a vie
|
| 044 |
# |
# |
|a vn
|
| 245 |
# |
# |
|a Diễn đàn quốc tế về triết học lần thứ IV tại Venezuela /
|c Nguyễn Viết Thảo dịch.
|
| 653 |
# |
# |
|a Chống phân biệt chủng tộc
|
| 653 |
# |
# |
|a Chủ nghĩa xã hội
|
| 653 |
# |
# |
|a Học thuyết chính trị
|
| 700 |
# |
# |
|a Nguyễn Viết Thảo,
|e dịch.
|
| 773 |
# |
# |
|t Triết học
|g Số9(208), 2008, tr. 84-85
|
| 920 |
# |
# |
|a Phòng Tạp chí -- Trung tâm Thông tin - Thư viện Trường Đại học Đà Lạt
|
| 994 |
# |
# |
|a DLU
|
| 900 |
# |
# |
|a True
|
| 911 |
# |
# |
|a Nguyễn Thị Linh Chi
|
| 925 |
# |
# |
|a G
|
| 926 |
# |
# |
|a A
|
| 927 |
# |
# |
|a BB
|
| 980 |
# |
# |
|a Thư viện Trường Đại học Đà Lạt
|